00712 2200193 4500001002100000005001700021008004100038035002400079082001000103090001900113100001600132245014500148260010300293300003700396500002700433504002400460650001600484990001800500YOGYA-0213000000129520130228095222.0 ind  0010-021300000001295 a339.4 aSK 339.4 Jul A aJULIANA NUR aAnalisis faktor-faktor yang mempengaruhi pendapatan bersih pemilik hotel kelas Melati di Daerah Istimewa Yogyakarta/disusun oleh Juliana Nur aYogyakartabSekolah Tinggi Ilmu Ekonomi Kerjasama Jurusan Ilmu Ekonomi dan studi pembangunanc2001 ax, 84(14) lbrbilus, lampc29 cm aSkripsi STIE Kerjasama aBibliografi: lbr 85 aPenghasilan a44091-PD/A.12